Historical Figures - Extreme - Statistics

General Stats
  • This quiz has been taken 170 times
    129 since last reset
  • The average score is 52 of 89
Answer Stats
Picture Answer % Correct
Indira Gandhi
99%
Mohandas Gandhi
99%
Albert Einstein
98%
Elizabeth I
98%
Elizabeth II
98%
Jesus
98%
Adolf Hitler
97%
Neil Armstrong
97%
George Washington
95%
Martin Luther King, Jr
95%
Napoleon Bonaparte
95%
Henry VII
92%
Henry VIII
92%
Louis Armstrong
92%
Queen Victoria
92%
Donald Trump
91%
Mother Teresa
91%
Nelson Mandela
91%
Sir Isaac Newton
90%
Winston Churchill
90%
Al Capone
89%
John F. Kennedy
89%
Joe Biden
88%
Mao Zedong
88%
Mark Zuckerberg
88%
William Shakespeare
88%
Benjamin Franklin
87%
Joan of Arc
87%
Marie Antoinette
86%
Tutankhamun
83%
Genghis Khan
81%
Walt Disney
81%
Thomas Jefferson
79%
Louis XIV of France
78%
Dwight D. Eisenhower
77%
Socrates
77%
Mark Twain
74%
Tom Hanks
73%
Amelia Earhart
71%
Plato
71%
Babe Ruth
69%
David Beckham
69%
King John
69%
Confucius
67%
Frida Kahlo
67%
John Adams
67%
John Quincy Adams
67%
Charles Dickens
66%
Thomas Edison
66%
Lyndon B. Johnson
64%
Stan Lee
58%
Jesse Owens
56%
Charles I
53%
Charles II
53%
Nero
53%
Andrew Jackson
51%
James Madison
51%
Oliver Cromwell
51%
George Lucas
49%
David Bowie
48%
Simon Bolivar
47%
James VI and I
38%
Jesse James
37%
Mary Shelley
35%
Emily Brontë
33%
Narendra Modi
32%
Lord Byron
31%
Roald Dahl
30%
Muhammad
23%
Neville Chamberlain
23%
Buzz Aldrin
20%
C.S. Lewis
19%
George Washington Carver
19%
Pythagoras
13%
Jack London
12%
John Keats
9%
Martha Howe-Douglas
8%
William Burke and William Hare
7%
Dr. Robert Knox
5%
Dick Turpin
4%
Martín Vizcarra
2%
William Wordsworth
2%
Jim Howick
1%
Mathew Baynton
1%
Gene Roddenberry
0%
Owain Glyndŵr
0%
Rafinha Bastos
0%
Sir Godfrey Kneller
0%
William Buckland
0%
No matching quizzes found
Score Distribution
Percent of People with Each Score
Percentile by Number Answered
Your Score History
You have not taken this quiz since the last reset